000 00835nam0a22002411 4500
001 rc\2733328
005 20260406090907.0
035 _a(NLR Aleph) 006860674
090 _a6844165
_c6844165
100 _a20110915d1937 |||y0rusy50 ca
101 0 _arus
102 _aRU
105 _aa z |||c|
200 1 _aОчерки промысловых зверей и птиц
205 _a2-е изд.
210 _aМосква
_aЛенинград
_cКоиз
_d1937
_eМосква
_gТип. изд-ва "Дер эмес"
215 _a128 с.
_cил.
_d22 см.
700 1 _7ca
_8rus
_aБобринский
_bН. А.
_cд-р биол. наук
_f1890-1964
_gНиколай Алексеевич
_3RU\NLR\AUTH\770281447
_92653414
801 0 _aRU
_bNLR
_gpsbo
801 1 _aRU
_bELAR
_2rusmarc
852 _aNLR
_j37-3/1482
942 _cBOOK
980 _aNB